[Event "Midnight Sun"]
[Site "Tromsø"]
[Date "2006.06.27"]
[Round "4"]
[White "Johannessen, Leif Erlend "]
[Black "Carlsen, Magnus"]
[Result "0-1"]
[WhiteElo "2558"]
[BlackElo "2646"]
[PlyCount "72"]
[EventDate "2006.??.??"]

1. d4 Nf6 2. c4 c5 3. d5 b5 {A58: Wolga/Benkö-Gambit} 4. cxb5 a6 5. bxa6 g6 6.
Nc3 Bxa6 7. g3 d6 8. Bg2 Bg7 9. Nf3 Nbd7 10. Rb1 O-O 11. O-O Qa5 12. Qc2 Rfb8
13. Rd1 Ng4 $146 (13... Ne8 14. Bd2 Nc7 15. a4 Qb6 16. b3 Nf6 17. Be1 e6 18.
dxe6 Nxe6 19. e3 Bb7 20. Rbc1 Rd8 21. Nb5 Be4 22. Qe2 d5 23. Nc3 Qxb3 24. Nd2
Qb7 25. f3 Bf5 26. g4 d4 27. gxf5 dxc3 28. fxe6 {
Jussupow,A (2633)-Ghaem Maghami,E (2513)/Yerevan 2001/1/2-1/2 (57)}) 14. Bd2
Nge5 15. Nxe5 Nxe5 16. b3 Bc8 17. Na4 Qa6 18. Bc3 Bf5 19. Be4 Bd7 20. f4 Ng4
21. Bxg7 Kxg7 22. Bf3 c4 23. e3 Qa7 24. Re1 cxb3 25. axb3 Nf6 26. Ra1 Rb4 27.
Kh1 (27. Nc3 $5 Qxa1 28. Rxa1 Rxa1+ 29. Bd1 $11) 27... Rc8 28. Qd1 Qb7 29. e4
Rxb3 30. e5 Ng4 31. Bxg4 Bxg4 32. Qxg4 (32. Qd4 Bf3+ 33. Kg1 $19) 32... Qxd5+
33. Kg1 Rc2 34. Qh3 (34. Re2 Qd4+ 35. Kg2 Rxe2+ 36. Qxe2 Qxa1 37. f5 $19) 34...
Qd4+ 35. Kh1 Re3 36. Qf1 Qd2 (36... Qd2 37. Re2 Rxe2 38. Rd1 Rxh2+ 39. Kg1 Qe3+
40. Qf2 Qxf2#) 0-1

[Event "Aerosvit GM"]
[Site "Foros UKR"]
[Date "2006.06.24"]
[Round "7"]
[White "Rublevsky, S."]
[Black "Harikrishna, P."]
[Result "1-0"]
[WhiteElo "2687"]
[BlackElo "2680"]
[PlyCount "55"]
[EventDate "2006.06.17"]
[EventType "tourn"]
[EventRounds "11"]
[EventCountry "UKR"]
[EventCategory "18"]

1. e4 c5 2. Nf3 d6 3. Bb5+ {B51: Sizilianisch (Rossolimo-Variante)} Nd7 4. O-O
Ngf6 5. Re1 e5 6. c3 Be7 $146 (6... a6 7. Bf1 Be7 8. d4 O-O 9. dxe5 Nxe5 10. h3
Nxf3+ 11. Qxf3 Be6 12. Bf4 Qb6 13. Nd2 Qc6 14. Bc4 b5 15. Bxe6 fxe6 16. Bg3 e5
17. Qf5 Qd7 18. Qxd7 Nxd7 19. Nf1 Nb6 {
Chernyshov,K (2548)-Ghaem Maghami,E (2603)/Abu Dhabi 2005/1/2-1/2}) 7. d4 O-O
8. h3 a6 9. Bf1 b5 10. d5 Ne8 11. a4 Rb8 12. b3 Nc7 13. Na3 (13. axb5 axb5 14.
c4 b4 $11) 13... Kh8 (13... bxa4 14. bxa4 f5 15. exf5 $15) 14. Nc2 g6 (14...
bxa4 $5 15. b4 f5 16. exf5 e4 $11) 15. Bh6 $14 Rg8 16. Ne3 Bf8 (16... b4 17.
cxb4 Rxb4 18. Bd3 $11) 17. Bxf8 Qxf8 18. axb5 axb5 19. Ra7 Bb7 20. Qa1 Ra8 $4 (
20... Qc8 $142 $16) 21. Rxb7 $18 Rxa1 22. Rxa1 c4 23. Rxc7 cxb3 24. Rxd7 Qc8
25. Rxf7 (25. Raa7 Rf8 26. Ng5 h5 27. Nxf7+ Rxf7 28. Rxf7 Qg8 $18) 25... Rg7
26. Rxg7 Kxg7 27. c4 (27. Ra7+ $142 Kf8 28. Ng4 Qd8 29. Rxh7 b2 $18) 27... bxc4
(27... Qc5 28. Rb1 b4 29. Ng5 $18) 28. Nxc4 1-0

[Event "2.Open"]
[Site "San Marino "]
[Date "2006.06.07"]
[Round "4"]
[White "Milov, V."]
[Black "Pantsulaia, L."]
[Result "1-0"]
[WhiteElo "2625"]
[BlackElo "2611"]
[PlyCount "85"]
[EventDate "2006.06.03"]
[EventType "swiss"]
[EventRounds "9"]

1. d4 Nf6 2. c4 e6 3. Nc3 c5 4. d5 exd5 5. cxd5 d6 6. e4 g6 7. f4 Bg7 8. Bb5+
Nfd7 {A67: Benoni (Dreibauern-System)} 9. Nf3 O-O 10. O-O a6 11. Bd3 b5 12. a3
Re8 $146 (12... c4 13. Bc2 Nc5 14. Be3 Qc7 15. Qe1 Bg4 16. Nd4 Nd3 17. Qh4 Bc8
18. f5 Nd7 19. f6 Nxf6 20. Rxf6 Bxf6 21. Qxf6 Qd8 22. Rf1 Qxf6 23. Rxf6 Rd8 24.
Nc6 Rd7 25. Bxd3 cxd3 26. Kf2 Bb7 27. Na5 {
Milov,V (2632)-Rodriguez Aguilera,A (2296)/Dos Hermanas 2004/1-0 (38)}) 13. Qe1
(13. f5 Nf6 $14) 13... Bb7 (13... c4 14. Bc2 Nc5 15. Be3 Bxc3 16. bxc3 Nxe4 17.
Bxe4 Rxe4 18. Qf2 $11) 14. Qg3 (14. f5 Ne5 15. Nxe5 Bxe5 $14) 14... c4 $11 15.
Bc2 a5 16. Kh1 (16. f5 $5 b4 17. Na4 $14) 16... b4 $11 17. axb4 axb4 18. Rxa8
Bxa8 19. Nd1 Qa5 (19... Nc5 $5 20. Ng5 Nbd7 $15) 20. Ne3 $14 Qa2 {
Jetzt hängt b3 in der Luft} 21. e5 (21. Nd2 $142 c3 22. bxc3 Bxc3 23. Ndc4 $14)
21... b3 $15 22. Be4 Nc5 (22... c3 $142 $5 23. Ng5 cxb2 24. Bxb2 Qxb2 $17) 23.
Ng5 $11 {Ermöglicht auch f5} Nbd7 (23... dxe5 $2 24. Qh4 h5 25. fxe5 Nxe4 26.
Nxe4 $18) (23... Nxe4 $143 24. Nxe4 dxe5 25. Qh4 $14) 24. Qh3 {Weiß plant f5} (
24. Nxc4 Qa6 (24... Nxe4 $143 25. Nxe4 dxe5 26. Rd1 $11) 25. Nd2 dxe5 $19)
24... Nf8 25. f5 (25. Nxc4 $143 Qa6 26. Bd3 Nxd3 27. Qxd3 Rc8 $19) 25... Rxe5 (
25... Nxe4 26. Nxe4 Rxe5 $16 (26... dxe5 $4 27. Ng4 gxf5 28. Nh6+ Kh8 29. Nxf7+
Kg8 30. Qxf5 $18 (30. Rxf5 Qb1 31. Nh6+ Bxh6 32. Nf6+ Kh8 $14))) 26. f6 $16
Rxg5 (26... Nxe4 27. fxg7 Nxg5 28. gxf8=Q+ Kxf8 29. Qd7 $18) 27. fxg7 Nfd7 (
27... Nxe4 $4 28. gxf8=Q+ (28. gxf8=B Ng3+ (28... Kxf8 $4 29. Qd7 (29. Nxc4 $6
Rf5 30. Rxf5 gxf5 31. Qxf5 Qb1 32. Qc8+ Kg7 33. Qg4+ Kh8 34. Qc8+ Kg7 35. Qg4+
Kh8 36. Qc8+ Kg7 $11) 29... f6 30. Ng4 $18) 29. hxg3 Rh5 30. Qxh5 gxh5 $18) (
28. gxf8=N Ng3+ (28... Kxf8 29. Qd7 (29. Nxc4 $6 Rf5 30. Rxf5 gxf5 31. Qxf5 Qb1
32. Qc8+ Kg7 33. Qg4+ Kh8 34. Qc8+ Kg7 35. Qg4+ Kh8 36. Qc8+ Kg7 $11) 29... f6
30. Ng4 $18) 29. hxg3 Rh5 30. Qxh5 gxh5 $18) 28... Kxf8 29. Qd7 $18 (29. Nxc4
$6 Rf5 (29... Rxd5 $4 30. Bh6+ Ke7 31. Qh4+ Kd7 32. Qxe4 $18 (32. Rxf7+ Kc6 33.
Rf1 Rd4 $18)) 30. Rxf5 gxf5 31. Qxf5 Qb1 32. Qc8+ Kg7 33. Qg4+ Kh8 34. Qc8+ Kg7
35. Qg4+ Kh8 36. Qc8+ Kg7 $11)) 28. Rxf7 (28. Nxc4 $6 Bxd5 29. Bxd5 Rxd5 $11)
28... Qa7 $4 (28... Qa5 $142 29. Rf1 Qd8 $18 (29... Nxe4 $4 30. Qe6+ Kxg7 31.
Rf7+ Kh6 32. Ng4+ Kh5 33. Rxh7#)) 29. Qh6 (29. Qf3 Qb8 30. Ng4 Rxg4 31. Bh6 Rf4
32. Qxf4 Ne6 33. dxe6 Bxe4 34. Rf8+ Qxf8 35. gxf8=Q+ Nxf8 36. Qxf8#) 29... Qb8
$18 (29... Kxf7 30. Qxh7 Kf6 31. Nxc4 Bxd5 32. Bxg5+ Kxg5 33. Qxg6+ Kh4 34.
Qh6+ Kg4 35. Ne3#) 30. Re7 (30. Rxd7 $142 Qe8 31. Qxg5 Nxd7 32. Bf5 Kxg7 33.
Be6 Bxd5 34. Qxd5 $18 (34. Nxd5 $6 Qxe6 35. Be3 Nf6 36. Nxf6 Qxf6 $18)) 30...
Nxe4 $11 31. Rxe4 Re5 32. Rxe5 Nxe5 33. Qg5 Qb4 (33... Kxg7 $4 34. Nf5+ Kg8 35.
Qf6 Qf8 36. Nh6+ Qxh6 37. Bxh6 Bxd5 38. Qg7#) 34. Qh4 (34. Qd8+ $5 Kxg7 35.
Qe7+ Kg8 36. Qe6+ Kh8 37. Nf1 $16) 34... Qa5 $11 (34... Kxg7 $143 35. Qe7+ Kg8
36. Qe6+ Kh8 37. Nf1 $16) 35. h3 Qc7 $4 (35... Bxd5 $142 $5 36. Nxd5 Qxd5 $11)
36. Bd2 (36. Qf6 $142 Qxg7 37. Qxd6 $18) 36... Qxg7 $14 37. Bc3 g5 38. Qd4 Qf7
$2 (38... Qf8 $142 $5 $16) 39. Qb6 $18 Qf4 $4 (39... Qf8 $142 40. Bxe5 dxe5 41.
Qe6+ Qf7 42. Qc8+ Qf8 43. Qxc4 Qf4 $18) 40. Qxd6 Qxe3 (40... Ng6 41. Qb6 Qf2
$18) 41. Bxe5 (41. Qxe5 $143 Qxe5 42. Bxe5 Bxd5 $15) 41... Qa7 42. Qd8+ Kf7 43.
Qf6+ (43. Qf6+ Ke8 44. Qh8+ Kd7 45. Qxh7+ Ke8 46. Qxa7 Bxd5 47. Bd6 Bb7 48.
Qxb7 Kd8 49. Qe7+ Kc8 50. Qc7#) 1-0

[Event "37.Olympiade"]
[Site "Turin"]
[Date "2006.06.03"]
[Round "12"]
[White "Charbonneau Pascal"]
[Black "Anand Viswanathan"]
[Result "1-0"]
[WhiteElo "2510"]
[BlackElo "2803"]
[PlyCount "85"]
[EventDate "2006.??.??"]
[EventType "team"]
[WhiteTeam "CAN"]
[BlackTeam "IND"]
[WhiteTeamCountry "CAN"]
[BlackTeamCountry "IND"]

1. e4 c5 2. Nf3 e6 3. d4 cxd4 4. Nxd4 Nc6 5. Nb5 d6 {
B44: Sizilianisch (Paulsen/Taimanow-Variante)} 6. c4 Nf6 7. N1c3 a6 8. Na3 Be7
9. Be2 O-O 10. O-O b6 11. Bf4 Bb7 12. Qd2 (12. Re1 Nb4 (12... Rc8 13. Rc1 Ne5
14. Bf1 Nfd7 15. Bg3 Qc7 16. Kh1 Rfe8 17. Qd2 Rcd8 18. Rcd1 Qb8 19. Nc2 Qa8 20.
f3 Rc8 21. Ne3 Red8 22. a3 Bc6 23. b4 a5 24. Qb2 Nf8 25. Bf2 Rb8 26. Nc2 Nfg6
27. Nd4 {Yudasin,L (2600)-Nadezhdin,D (2210)/St Petersburg 1997/1-0}) 13. Qb3
d5 14. Rad1 d4 15. e5 Ne4 16. Nxe4 Bxe4 17. Bf3 Bxf3 18. Qxf3 {
Yudasin,L (2615)-Morozevich,A (2575)/Pamplona 1994/1/2-1/2}) 12... Ne5 13. f3
$146 (13. Rfd1 Ng6 14. Bxd6 Bxd6 15. Qxd6 Nxe4 16. Nxe4 Bxe4 17. f3 Bb7 18.
Qxd8 Rfxd8 19. Rac1 Kf8 20. Nb1 Ke7 21. Nc3 Ne5 22. Na4 Nd7 23. b4 Bc6 24. Nc3
g5 25. Kf2 Ne5 {Ljubojevic,L (2645)-Kurajica,B (2525)/Indonesia 1983/1/2-1/2})
13... Qc7 14. Rac1 Rac8 15. Rfd1 Qb8 16. Kh1 Rfe8 17. Bf1 Kh8 18. Be3 Ba8 19.
Bg1 Rg8 20. Qe3 Ned7 21. Nab1 g5 22. Nd2 Bd8 23. b4 Bc7 24. Qe1 Rg6 25. Bd3 Ne5
26. Be2 Rcg8 27. Be3 Rh6 28. Nf1 Rgg6 (28... Qa7 $5 $11) 29. Qd2 $14 Qg8 30. a4
Bb7 31. c5 dxc5 32. bxc5 bxc5 33. Rb1 Bc6 34. Bxc5 g4 35. f4 (35. Bxa6 $4 Nxf3
(35... gxf3 $143 36. g3 $19) 36. gxf3 gxf3 $19) 35... g3 36. fxe5 Nxe4 (36...
Bxe4 37. Nxe4 (37. exf6 $4 Bxg2+ 38. Kxg2 gxh2+ 39. Bg4 h1=Q+ 40. Kf2 Rxg4 $19)
37... Nxe4 38. Qc2 gxh2 39. Bf3 $18 (39. Qxe4 Rxg2 40. Qxg2 Qxg2+ 41. Kxg2
h1=Q+ 42. Kf2 Qh4+ (42... Bxe5 $6 43. Rd8+ Kg7 44. Bf8+ Kf6 45. Bxh6 Qh4+ 46.
Kg1 Qxh6 47. Rb7 $15) 43. Ke3 Qg5+ 44. Kd3 Rh3+ (44... Bxe5 $143 45. Kc2 $19)
45. Be3 Ba5 (45... Bxe5 $6 46. Kd2 Qd8+ 47. Bd3 $19) 46. Rb8+ Kg7 $19)) 37.
Nxe4 $16 Bxe4 38. Bd3 (38. Nxg3 Rxg3 39. Qxh6 Bxg2+ 40. Kg1 Bf3+ 41. Kf2 Rg2+
42. Ke3 Rxe2+ 43. Kd3 Bxe5 $17) 38... Bxg2+ $2 (38... Bxd3 39. Qxd3 gxh2 $18)
39. Qxg2 gxh2 (39... Rg7 40. h3 (40. Nxg3 $6 Rxg3 41. Qe2 Rgh3 $18) 40... Bxe5
41. Bxa6 $18) 40. Bxg6 Rxg6 41. Ng3 $1 Rxg3 42. Qe4 Rg4 (42... Qg4 43. Qa8+ Qg8
44. Qxg8+ Rxg8 $18) 43. Be7 (43. Be7 Rg6 44. Bf6+ (44. Kxh2 $6 f6 45. Rb3 Bxe5+
46. Qxe5 fxe5 $16) 44... Rxf6 45. exf6 $18) 1-0

[Event "37th Olympiad"]
[Site "Turin ITA"]
[Date "2006.05.28"]
[Round "7"]
[White "Sokolov, Iv"]
[Black "Aronian, L."]
[Result "0-1"]
[WhiteElo "2676"]
[BlackElo "2756"]
[PlyCount "38"]
[EventDate "2006.05.21"]
[EventType "team"]
[EventRounds "13"]
[EventCountry "ITA"]
[WhiteTeamCountry "CAN"]
[BlackTeamCountry "IND"]

1. d4 Nf6 2. c4 e6 3. Nc3 Bb4 4. Qc2 {E35: Nimzoindisch (4.Dc2)} d5 5. cxd5
exd5 6. Bg5 c5 7. dxc5 h6 8. Bh4 g5 9. Bg3 Ne4 10. Bxb8 (10. e3 Qa5 11. Nge2
Bf5 12. Be5 O-O 13. Nd4 Bg6 14. Nb3 Nxc3 15. Bxc3 Bxc2 16. Nxa5 Bxc3+ 17. bxc3
b6 18. Kd2 bxa5 19. Kxc2 Rc8 20. h4 Nd7 21. hxg5 Nxc5 22. gxh6 Ne4 23. c4 Nxf2
24. Rh4 f5 {Kasparov,G (2805)-Short,N (2655)/London 1993/1-0 (52)}) 10... Qf6
$146 (10... Bxc3+ 11. bxc3 Rxb8 12. e3 Qa5 13. Bd3 Qxc3+ 14. Qxc3 Nxc3 15. Kd2
Ne4+ 16. Bxe4 dxe4 17. Ne2 Be6 18. Rhb1 Kd7 19. Nd4 Rhc8 20. Rb5 b6 21. cxb6
Rxb6 22. a4 Rc4 23. Rxb6 axb6 24. a5 bxa5 25. Rxa5 {
Kobalia,M (2644)-Balogh,C (2531)/Warschau 2005/1/2-1/2 (35)}) (10... Bxc3+ $5
11. bxc3 Rxb8 $11) 11. Bg3 $14 Nxc3 12. a3 Bf5 13. Qd2 Ba5 14. b4 $4 (14. Nf3
$142 Nb1 15. Qxa5 Qxb2 16. Qa4+ Bd7 17. Be5 $11) 14... Ne4 $19 15. Qc1 Rc8 (
15... Nxg3 $6 16. hxg3 Bc7 17. Nf3 $11) 16. Ra2 (16. Bd6 Bd8 17. Nf3 Nxd6 18.
e3 $19) (16. bxa5 Rxc5 17. Qd1 (17. Qxc5 Qxa1+ 18. Qc1 Qxc1#) 17... Qc3+ 18.
Qd2 Qxd2#) 16... Rxc5 17. Qa1 (17. Qxc5 Nxc5 18. Nf3 $19) 17... Qc6 18. Qe5+
Kd8 (18... Be6 19. Qb8+ Kd7 20. Qd6+ Qxd6 21. Kd1 Rhc8 22. bxc5 Qxc5 23. e3
Qc1+ 24. Ke2 Qc4+ 25. Kf3 g4+ 26. Kf4 Qc7#) 19. Qxh8+ Kd7 (19... Kd7 20. Rd2
Rc1+ 21. Rd1 Qc2 22. Qd4 Rxd1+ 23. Qxd1 Qc3+ 24. Qd2 Qxd2#) 0-1

[Event "Mtel Masters"]
[Site "Sofia BUL"]
[Date "2006.05.15"]
[Round "5"]
[White "Topalov, V."]
[Black "Kamsky, G."]
[Result "1-0"]
[WhiteElo "2804"]
[BlackElo "2671"]
[PlyCount "83"]
[EventDate "2006.05.11"]
[EventType "tourn"]
[EventRounds "10"]
[EventCountry "BUL"]
[EventCategory "20"]

1. d4 d5 2. c4 c6 3. Nf3 Nf6 4. Nc3 {D15: Damengambit (Slawische Verteidigung)}
a6 5. c5 Nbd7 6. Bf4 Nh5 7. Bd2 Nhf6 8. Rc1 $146 (8. Qc2 g6 9. e4 (9. h3 Qc7
10. e4 Nxe4 11. Nxe4 dxe4 12. Qxe4 Nf6 13. Qe5 Qxe5+ 14. dxe5 Ne4 15. Be3 Be6
16. Bd3 Bd5 17. O-O O-O-O 18. Rfd1 Bg7 19. Rac1 f5 20. exf6 exf6 21. Bb1 Rhe8
22. Nd2 Ng5 23. Re1 Ne6 {Huzman,A-Volkov,S/Moscow RUS 2006/1/2-1/2}) 9... dxe4
10. Nxe4 Nxe4 11. Qxe4 Nf6 12. Qc2 Be6 13. Be2 Bg7 14. O-O O-O 15. Rad1 Bd5 16.
Ne5 Nd7 17. f4 b6 18. Bc3 bxc5 19. Nxd7 Qxd7 20. dxc5 Qe6 21. Bxg7 Kxg7 22.
Qc3+ Qf6 {Krasenkow,M-Bacrot,E/Asnieres sur Seine FRA 2006/1/2-1/2}) (8. b4 g6
9. Qc1 h6 10. e3 Bg7 11. Bd3 O-O 12. O-O e5 13. Nxe5 Nxe5 14. dxe5 Ng4 15. Na4
Qh4 16. h3 Nxe5 17. Be2 Bxh3 18. gxh3 Qxh3 19. f4 Qg3+ 20. Kh1 d4 21. Qe1 Qh3+
22. Kg1 dxe3 {Krasenkow,M-Movsesian,S/Polanica Zdroj 2000/0-1}) 8... g6 9. h3
Qc7 10. g3 Bg7 11. Bf4 Qd8 12. Bg2 Nh5 13. Bg5 h6 14. Bd2 O-O 15. e4 dxe4 16.
Nxe4 Nhf6 17. Nc3 Re8 18. O-O Nf8 19. Qb3 Ne6 {Der Bauer d4 ist rückständig}
20. Be3 Nc7 21. Ne5 Nfd5 22. Nxd5 Nxd5 23. Bd2 Bxe5 24. dxe5 h5 25. Rfe1 Qc7
26. e6 (26. Qa4 $142 $5 Bf5 27. Ba5 $16) 26... Bxe6 $15 27. Rxe6 fxe6 28. Re1
Qd7 29. Qd3 Kh7 30. Re5 Nf6 31. Qe3 {Greift den Isolani e6 an} Kg7 32. Be4 Kf7
(32... Nxe4 $2 33. Rxe4 e5 34. Rxe5 $18) 33. Bc2 Rad8 (33... Rg8 $5 $11) 34.
Qh6 $16 Rg8 (34... Qxd2 $4 35. Bxg6+ Kg8 36. Rg5 Qxg5 37. Qxg5 $18) 35. Ba5 Qd4
$4 (35... Rdf8 $142 $16) 36. Bc3 $18 Qc4 37. Bb3 Qd3 38. Bxe6+ Ke8 39. Kg2 (39.
Bxg8 $6 Nxg8 40. Qg7 Qb1+ 41. Kg2 Qxa2 42. Qxg6+ Qf7 43. Qxh5 Qxh5 44. Rxh5 Kf7
$18) 39... Rf8 40. Qg7 Rd5 (40... Nh7 41. Bf5 $1 (41. Qxh7 $4 Qf3+ 42. Kg1
Qxf2+ 43. Kh1 Qf1+ 44. Kh2 Rf2#) 41... Rf7 42. Qg8+ (42. Bxd3 $6 Rxg7 43. Re3
Rg8 $11) 42... Nf8 43. Bxd3 Rxd3 44. Re2 $18) 41. Bf5 $1 (41. Bxd5 $6 Nxd5 42.
Kg1 Qc2 $11) 41... Rf7 (41... gxf5 42. Qxe7# {
Die schönsten Kombinationen sind die, welche zum Matt führen}) 42. Rxe7+ $3 (
42. Rxe7+ Kd8 43. Qxf7 Qf3+ 44. Kxf3 Rxf5+ 45. Kg2 Rxf2+ 46. Kxf2 Ng4+ 47. hxg4
hxg4 48. Qf8#) (42. Bxd3 Rxg7 43. Bc4 Rxe5 44. Bxe5 Kd7 $15) 1-0

[Event "Mtel Masters"]
[Site "?"]
[Date "2006.05.12"]
[Round "2"]
[White "Topalov, Veselin(BUL)"]
[Black "Anand, Viswanathan(IND)"]
[Result "0-1"]
[WhiteElo "2804"]
[BlackElo "2803"]
[PlyCount "72"]
[EventDate "2006.??.??"]

1. e4 e5 2. Nf3 Nc6 3. Bb5 a6 4. Ba4 Nf6 5. O-O Be7 6. Re1 b5 7. Bb3 O-O {
C88: Spanische Partie (Geschlossenes System)} 8. h3 Bb7 9. d3 Re8 10. c3 h6 11.
Nbd2 Bf8 12. a3 (12. a4 Na5 13. Ba2 c5 14. Nb3 Nxb3 15. Bxb3 Qc7 16. c4 bxc4
17. Bxc4 d5 18. exd5 Bxd5 19. Bxd5 Nxd5 20. Bd2 Rad8 21. Qc2 Qd6 {
Akopian,V-Tkachiev,V/Enghien les Bains 2001/1/2-1/2}) 12... d6 13. Ba2 Nb8 14.
b4 $146 (14. Nh4 d5 15. Qf3 c6 16. b4 Nbd7 17. Nb3 Rc8 18. Nf5 Ba8 19. Be3 Kh7
20. Nc5 Nxc5 21. Bxc5 g6 22. Ng3 Bxc5 23. bxc5 Kg7 24. d4 Qc7 25. Re3 exd4 26.
cxd4 Nxe4 27. Nxe4 Rxe4 28. Rxe4 dxe4 {Topalov,V-Adams,M/Linares 1999/1/2-1/2})
14... c5 15. Nb3 Nc6 16. Rb1 Bc8 17. Be3 Be6 {Will c4 spielen} 18. Qc2 Rc8 19.
Qb2 c4 20. dxc4 Bxc4 21. Nbd2 Bxa2 22. Qxa2 d5 23. Rbd1 d4 (23... dxe4 $143 24.
Nxe4 Qc7 25. Nxf6+ gxf6 26. Nh4 $16) 24. cxd4 exd4 (24... Nxd4 $143 25. Bxd4
exd4 26. e5 $14) 25. Nb3 Nxe4 26. Bxd4 (26. Qb2 $5 $11) 26... Nxd4 $17 27. Rxd4
(27. Nfxd4 $2 Nc3 28. Qa1 Nxd1 29. Rxd1 Qd5 $19) 27... Ng5 $5 28. Ne5 (28. Rxd8
Nxf3+ 29. gxf3 Rxe1+ 30. Kg2 Rxd8 31. Qc2 Rdd1 32. f4 Rg1+ 33. Kf3 Rh1 34. h4
$17) 28... Nxh3+ $1 29. gxh3 Qg5+ {Kombination mit Doppelangriff} 30. Kh2 (30.
Rg4 $5 Rxe5 31. Rxg5 Rxe1+ 32. Kg2 hxg5 33. Qd2 $17) 30... Qf5 $19 31. Rde4
Rxe5 $1 32. Rxe5 {Motiv: Hinlenkung-> e5} Bd6 {Motiv: Fesselung} 33. Nc5 Bxe5+
34. Kg2 Rc6 35. Qb3 (35. Ne4 Qg6+ 36. Kf1 Bc3 $19) 35... Rg6+ 36. Kf1 Bg3 (
36... Bg3 37. Ne4 Qxh3+ 38. Ke2 Re6 $19) 0-1

[Event "XIII Russ. MM"]
[Site "Sochi RUS"]
[Date "2006.04.24"]
[Round "5"]
[White "Rublevsky, S."]
[Black "Shirov, A."]
[Result "0-1"]
[WhiteElo "2687"]
[BlackElo "2699"]
[PlyCount "54"]
[EventDate "2006.04.20"]
[EventType "team"]
[EventRounds "11"]
[EventCountry "RUS"]

1. e4 e5 2. Nf3 Nf6 3. Nxe5 {C42: Russische Verteidigung (Petrow)} d6 4. Nf3
Nxe4 5. Nc3 Nxc3 6. dxc3 Be7 7. Bf4 O-O 8. Qd2 Nd7 9. O-O-O Nc5 10. h4 Bf6 (
10... c6 11. Bxd6 Qxd6 12. Qxd6 Bxd6 13. Rxd6 Ne4 14. Rd4 Nxf2 15. Rg1 Ng4 16.
Bc4 Bf5 17. Bd3 Bxd3 18. cxd3 Nf6 19. Re1 Rfe8 20. Rxe8+ Rxe8 21. Kd2 Kf8 22.
a4 Ke7 23. b4 Rc8 24. b5 c5 25. Rf4 {
Topalov,V-Gelfand,B/Wijk aan Zee NED 2006/The Week in Chess 585/1/2-1/2 (72)})
11. Ng5 h6 12. f3 $146 (12. Bd3 Nxd3+ 13. Qxd3 g6 14. Nf3 h5 15. Rde1 Bf5 16.
Qd2 Re8 17. Bg5 Bxg5 18. Nxg5 Qf6 19. f3 Re5 20. Rxe5 dxe5 21. Rd1 Qc6 22. b3
Re8 23. Kb2 e4 24. fxe4 Bxe4 25. Qf4 Bf5 26. Rd2 Qc5 {
Topalov,V-Bacrot,E/Wijk aan Zee NED 2006/The Week in Chess 584/1-0 (44)}) (12.
Bd3 Re8 (12... hxg5 $143 13. hxg5 Nxd3+ 14. Qxd3 $18) 13. Bh7+ Kf8 $11) 12...
Rb8 (12... Qe8 $5 $17) 13. g4 b5 (13... hxg5 $2 14. hxg5 Bxg5 15. Bxg5 $18) 14.
Bd3 Re8 (14... Be7 $5 $15) 15. Bh7+ $14 Kf8 16. Nh3 (16. Ne4 Nxe4 (16... Bxh4
17. Nxd6 Ne6 18. Nxe8 Nxf4 19. Qxd8 Bxd8 20. Rxd8 $18) 17. Bxe4 Bxg4 $14) 16...
b4 (16... Bb7 $142 $5 17. g5 Bxf3 18. gxf6 Qxf6 $15 (18... Bxh1 19. fxg7+ Kxg7
20. Bxh6+ Kh8 21. Rxh1 $18) (18... Bxd1 $143 19. fxg7+ Kxg7 20. Bf5 $16)) 17.
cxb4 $14 a5 18. g5 (18. bxc5 $4 Bxb2+ 19. Kb1 Bc3+ 20. Kc1 Bxd2+ 21. Bxd2 Qf6
$19) 18... Bxh3 19. gxf6 (19. c3 $5 Ne6 20. gxf6 (20. Rxh3 $2 Nxf4 (20... hxg5
$6 21. Bxg5 axb4 22. cxb4 $17) 21. Qxf4 hxg5 $19) 20... Qxf6 21. Bg3 axb4 22.
cxb4 $11) 19... Qxf6 $15 20. c3 axb4 21. cxb4 Na6 22. a3 Bf5 (22... Qxh4 $143
23. Bf5 Re2 24. Rxh3 Rxd2 25. Rxh4 Rxd1+ 26. Kxd1 $16) 23. Bxf5 Qxf5 24. Rhg1
$4 (24. Rde1 $142 $15) 24... Nxb4 $1 $19 25. axb4 (25. Qxb4 Rxb4) 25... Ra8 26.
b3 Ra1+ 27. Kb2 Qf6+ (27... Qf6+ 28. Qd4 Qxd4+ 29. Rxd4 Rxg1 $19) 0-1

[Event "XIII Russ. MM"]
[Site "Sochi "]
[Date "2006.04.21"]
[Round "2"]
[White "Ivanchuk, V."]
[Black "Aronian, L."]
[Result "1-0"]
[WhiteElo "2731"]
[BlackElo "2756"]
[PlyCount "73"]
[EventDate "2006.04.20"]
[EventType "team"]
[EventRounds "11"]
[EventCountry "RUS"]

1. e4 e5 2. Nf3 Nc6 3. Bb5 a6 4. Ba4 Nf6 5. O-O Be7 6. Re1 b5 7. Bb3 O-O {
C88: Spanische Partie (Geschlossenes System)} 8. a4 b4 9. d4 d6 10. dxe5 Nxe5
11. Nxe5 (11. Nbd2 Nxf3+ 12. Nxf3 Bb7 13. e5 Nd7 14. e6 fxe6 15. Bxe6+ Kh8 16.
Bd5 c6 17. Ba2 c5 18. Bd5 Bxd5 19. Qxd5 Nb6 20. Qe6 Bf6 21. a5 Nd7 22. Qd5 Ne5
23. Nd2 Ng4 24. Nf3 Ne5 25. Nd2 Ng4 {Anand,V-Naiditsch,A/Dortmund 2004/1/2-1/2}
) 11... dxe5 12. Qf3 (12. Qe2 Bc5 13. Bg5 Bg4 14. Qc4 Qd4 15. Qxd4 Bxd4 16. c3
bxc3 17. bxc3 Bc5 18. Nd2 Rfd8 19. Nc4 Be6 20. Rab1 Ng4 21. Bh4 Rd3 22. Rec1 g5
23. h3 gxh4 24. hxg4 Bxc4 25. Bxc4 Rd2 26. Rf1 Rc2 {
Brkic,A-Tkachiev,V/Rabat 2004/1/2-1/2}) 12... Bb7 13. Nd2 Bc5 $146 (13... a5
14. Nf1 Kh8 15. Rd1 Qe8 16. Ng3 Nxe4 17. Nxe4 f5 18. Bd5 fxe4 19. Qxe4 Rd8 20.
Be3 Qd7 21. c4 bxc3 {0-1 Georgiev,K-Velimirovic,D/Vrsac 1987}) 14. Nf1 Qc8 15.
h3 Kh8 16. Ng3 Nxe4 17. Nxe4 (17. Rxe4 $2 f5 18. Be3 fxe4 $19) 17... f5 18.
Nxc5 (18. Bh6 gxh6 19. Qg3 f4 $15) 18... Bxf3 $17 19. gxf3 f4 20. Kh2 Qf5 21.
Bd2 Rf6 22. Rg1 (22. Bxb4 $2 Rh6 23. Be6 Qxc2 $19) 22... Rh6 23. Rg4 a5 24. Re1
Rf8 25. Ne4 Qh5 26. h4 Rg6 27. Rxg6 Qxg6 (27... Qxh4+ $4 28. Kg2 hxg6 29. Rh1
Qxh1+ 30. Kxh1 $18) 28. c3 c5 (28... Qh6 29. cxb4 Qxh4+ 30. Kg2 axb4 31. Rc1
$17) 29. Nxc5 $15 Rd8 30. Ne4 Qb6 31. Rd1 Rd3 32. Bc4 Rxf3 $4 (32... Rd8 $142
33. Bb3 h6 $11) 33. Be1 $18 g5 (33... h6 34. Be2 Rxc3 35. bxc3 b3 $18) 34. hxg5
Kg7 (34... bxc3 35. bxc3 h6 $18) 35. Rd7+ Kf8 (35... Kg6 36. Rd6+ Qxd6 37. Nxd6
bxc3 38. bxc3 Kxg5 39. Kg2 Rxf2+ 40. Bxf2 $18) 36. Rf7+ Ke8 37. Rf6 (37. Rf6
Qd8 38. Nd6+ Kd7 39. Nb7 $18) (37. Nf6+ $142 Kd8 38. Rf8+ Ke7 39. Re8+ Kd6 40.
Re6+ Kc5 41. Nd7+ Kxc4 42. Rxb6 $18) 1-0